Sakuntala: (Record no. 179592)

MARC details
000 -LEADER
fixed length control field 00600nam a22001937a 4500
005 - DATE AND TIME OF LATEST TRANSACTION
control field 20210623151100.0
010 ## - LCCN (DPL NO)
LC control number B-740280
020 ## - INTERNATIONAL STANDARD BOOK NUMBER
International Standard Book Number 9788188965601
Terms of availability 375.00
035 ## - SYSTEM CONTROL NUMBER
System control number B-740280
037 ## - SOURCE OF ACQUISITION
Source of stock number/acquisition Gift
082 ## - DEWEY DECIMAL CLASSIFICATION NUMBER
Classification number 810
100 ## - MAIN ENTRY--PERSONAL NAME
Personal name Thapar, Romila
245 ## - TITLE STATEMENT
Title Sakuntala:
Remainder of title texts, readings, histories /
Statement of responsibility, etc by Romila Thapar
260 ## - PUBLICATION, DISTRIBUTION, ETC. (IMPRINT)
Place of publication, distribution, etc New Delhi
Name of publisher, distributor, etc Women Unlimited
Date of publication, distribution, etc 2010
270 ## - ADDRESS
Address K-36, Haus Khas Enclave
City New Delhi
Postal code 110016
300 ## - PHYSICAL DESCRIPTION
Extent x, 271p.
Dimensions 21cm(pbk)
942 ## - ADDED ENTRY ELEMENTS (KOHA)
Source of classification or shelving scheme Dewey Decimal Classification
Item type English Books
Classification part 810
Call number suffix THA
Holdings
Withdrawn status Lost status Not for loan Collection code Home library Current library Date acquired Source of acquisition Cost, normal purchase price Full call number Barcode Copy number Cost, replacement price Koha item type Public note
      Non-fiction Kadipur Kadipur 23/06/2021 Gift/Eng/02-06-2021 375.00 810 THA B-740280 1 375.00 English Books Gift

© Delhi Public Library
Hit Counter
free hit counter